Photos montage avec Louis de Funès - Statistiques

Statistiques générales
  • Ce quiz a été pris 59 fois
  • Le résultat moyen est 6 sur 8
Statistiques - réponses
Par images Réponse % Correct
Star Wars
98%
Captain America
96%
Matrix
88%
Iron Man
87%
Terminator
85%
Alien
73%
Die Hard
40%
Hitman
17%
Aucun quiz correspondant
Distribution des résultats
% des personnes avec chaque résultat
Percentile par nombre de réponses
Votre historique - résultats
Vous n’avez pas pris ce quiz